[Event "Dutch Open 2009"]
[Site "Dieren NED"]
[Date "2009.07.29"]
[Round "8.10"]
[White "Van Assendelft, Floris"]
[Black "Vovk, Andrey"]
[Result "1/2-1/2"]
[WhiteElo "2332"]
[BlackElo "2506"]
[PlyCount "95"]
[EventDate "2009.07.21"]
[EventType "swiss"]
[EventRounds "9"]
[EventCountry "NED"]
[Source "lmi"]
[SourceDate "2009.07.21"]

1. e4 c5 2. Nf3 d6 3. d4 cxd4 4. Nxd4 Nf6 5. Nc3 Nc6 6. Bg5 e6 7. Qd2 a6 8.
O-O-O Bd7 9. f3 b5 10. Be3 Ne5 11. Bd3 Qc7 12. Kb1 Nc4 13. Bxc4 Qxc4 14. g4 Be7
15. g5 Nh5 16. Nce2 a5 17. Ng3 Nxg3 18. hxg3 b4 19. e5 Ra6 20. Rh4 Qc8 21. Bf4
dxe5 22. Bxe5 f6 23. gxf6 gxf6 24. Qh6 Rf8 25. Qh5+ Kd8 26. Bf4 e5 27. Bh6 Re8
28. Nf5 Kc7 29. Rc4+ Rc6 30. Rxc6+ Bxc6 31. Ng7 Rd8 32. Rxd8 Bxd8 33. f4 Kb7
34. fxe5 fxe5 35. Qxe5 Qh3 36. Ne6 Bb6 37. Bc1 Qg2 38. Qg7+ Ka6 39. Nf4 Qe4 40.
Qg8 a4 41. Qc8+ Bb7 42. Qe6 b3 43. axb3 Qxe6 44. Nxe6 axb3 45. cxb3 Bd5 46. Ng5
Bd8 47. Ka2 Bxg5 48. Bxg5 1/2-1/2

[Event "Dutch Open 2009"]
[Site "Dieren NED"]
[Date "2009.07.29"]
[Round "8.12"]
[White "Wohl, Aleksandar H"]
[Black "Karthikeyan, P."]
[Result "1-0"]
[WhiteElo "2387"]
[BlackElo "2478"]
[PlyCount "83"]
[EventDate "2009.07.21"]
[EventType "swiss"]
[EventRounds "9"]
[EventCountry "NED"]
[Source "lmi"]
[SourceDate "2009.07.21"]

1. e4 e5 2. Nf3 Nc6 3. Bb5 Nge7 4. c3 d5 5. Nxe5 dxe4 6. Qe2 Qd5 7. Nxc6 Nxc6
8. d4 Bf5 9. O-O O-O-O 10. Nd2 Bg6 11. Re1 f5 12. Nb3 Qd6 13. Nc5 Qf6 14. b4
Nb8 15. Bc4 Bxc5 16. bxc5 Bf7 17. Bg5 Qxg5 18. Bxf7 Qf6 19. Qc4 Kd7 20. Rab1 b6
21. cxb6 axb6 22. Rb5 Nc6 23. d5 Ke7 24. Be6 Rd6 25. Bxf5 Qxf5 26. dxc6 Qe6 27.
Qa4 Rhd8 28. Rb4 Kf8 29. Rbxe4 Qg6 30. Qc4 Qf7 31. Qxf7+ Kxf7 32. Re7+ Kf6 33.
Rxc7 Ra8 34. g3 Rxa2 35. Ree7 g6 36. Rxh7 Rc2 37. Rce7 Rxc6 38. Rhf7+ Kg5 39.
h4+ Kg4 40. Kg2 g5 41. Re5 Rc5 42. Rxc5 1-0

[Event "Dutch Open 2009"]
[Site "Dieren NED"]
[Date "2009.07.29"]
[Round "8.13"]
[White "Hendriks, Willy"]
[Black "Haast, Anne"]
[Result "1/2-1/2"]
[WhiteElo "2444"]
[BlackElo "2158"]
[PlyCount "189"]
[EventDate "2009.07.21"]
[EventType "swiss"]
[EventRounds "9"]
[EventCountry "NED"]
[Source "lmi"]
[SourceDate "2009.07.21"]

1. e4 e5 2. Nf3 Nc6 3. Bc4 Bc5 4. c3 Nf6 5. d3 d6 6. Nbd2 a6 7. Bb3 Ba7 8. h3
Ne7 9. Nf1 Ng6 10. Ng3 O-O 11. O-O Be6 12. d4 exd4 13. cxd4 h6 14. Bc2 c6 15.
Be3 Re8 16. Qd2 Qd7 17. Rfe1 b5 18. Rad1 Rad8 19. Rc1 d5 20. e5 Ne4 21. Bxe4
dxe4 22. Nxe4 Bd5 23. Bxh6 Bxe4 24. Rxe4 f5 25. e6 Rxe6 26. Rxe6 Qxe6 27. Bg5
Rd5 28. Qc2 c5 29. Re1 Qd7 30. dxc5 Bxc5 31. h4 Bb4 32. Rc1 Bc5 33. Qb3 Kh8 34.
Be3 Rd3 35. Qc2 Bxe3 36. fxe3 Rxe3 37. Rd1 Qa7 38. Kh1 Rxf3 39. gxf3 Qf7 40.
Qh2 Qb7 41. Qg3 Kh7 42. Rd6 Qf7 43. Rxa6 Ne7 44. Ra7 Qe6 45. h5 f4 46. Rxe7
Qxe7 47. Qxf4 Qe1+ 48. Kg2 Qe2+ 49. Kh3 Qxb2 50. Qf5+ Kh8 51. Qd5 Qf2 52. Kg4
Qg2+ 53. Kf5 Qc2+ 54. Ke6 Qc8+ 55. Kd6 b4 56. Ke7 Qc7+ 57. Ke8 Qc8+ 58. Ke7
Qc7+ 59. Ke6 Qc8+ 60. Kd6 Qd8+ 61. Kc5 Qa5+ 62. Kd4 Qb6+ 63. Kc4 Qb8 64. Kb3
Qf8 65. Ka4 Qb8 66. Qf7 Qe5 67. Kxb4 Qd4+ 68. Kb5 Qd3+ 69. Kc5 Qc2+ 70. Kb6
Qb2+ 71. Kc7 Qe5+ 72. Kc6 Qc3+ 73. Kd6 Qd2+ 74. Qd5 Qf4+ 75. Kd7 Qa4+ 76. Ke7
Qa7+ 77. Ke6 Qb6+ 78. Kf5 Qb1+ 79. Kf4 Qc1+ 80. Ke4 Qe1+ 81. Kf5 Qb1+ 82. Ke6
Qb6+ 83. Ke5 Qb2+ 84. Ke4 Qb1+ 85. Ke3 Qe1+ 86. Kd4 Qd2+ 87. Kc5 Qa5+ 88. Kc6
Qa8+ 89. Kd6 Qa3+ 90. Ke6 Qa6+ 91. Ke7 Qa7+ 92. Qd7 Qxa2 93. Qe8+ Kh7 94. Qg6+
Kh8 95. Qe8+ 1/2-1/2

[Event "Dutch Open 2009"]
[Site "Dieren NED"]
[Date "2009.07.29"]
[Round "8.14"]
[White "Swinkels, Robin"]
[Black "Van der Poel, Henk"]
[Result "1-0"]
[WhiteElo "2516"]
[BlackElo "2282"]
[PlyCount "99"]
[EventDate "2009.07.21"]
[EventType "swiss"]
[EventRounds "9"]
[EventCountry "NED"]
[Source "lmi"]
[SourceDate "2009.07.21"]

1. d4 Nf6 2. c4 e6 3. g3 c5 4. Nf3 cxd4 5. Nxd4 Nc6 6. Bg2 Qb6 7. Nb5 d5 8. O-O
a6 9. Be3 Qd8 10. N5c3 dxc4 11. Qxd8+ Nxd8 12. Nd2 Ng4 13. Bb6 Ne5 14. Bc7 Ndc6
15. Na4 Bd7 16. Nb6 Ra7 17. Ne4 f5 18. Nd6+ Bxd6 19. Bxd6 a5 20. Rfd1 Ra6 21.
Bc7 Ne7 22. f4 Rxb6 23. Bxb6 N5c6 24. Rac1 Nb4 25. Rxc4 Nbd5 26. Bc5 Bc6 27.
Kf2 Kf7 28. e4 fxe4 29. Bxe4 h5 30. a3 Bb5 31. Rcc1 Ba4 32. Re1 Bc6 33. Bxe7
Kxe7 34. Bxd5 Bxd5 35. Rc5 Kd6 36. Rxa5 Rc8 37. Ra4 Rc2+ 38. Re2 Rc1 39. Rd4 g6
40. Re1 Rc2+ 41. Re2 Rc1 42. Rdd2 Rh1 43. Ke3 Rf1 44. Kd4 Rc1 45. Re5 Ke7 46.
Kd3 Rh1 47. Kc3 Kf6 48. h4 Rg1 49. Rd3 Rg2 50. b3 1-0

[Event "Dutch Open 2009"]
[Site "Dieren NED"]
[Date "2009.07.29"]
[Round "8.15"]
[White "Wempe, Joost"]
[Black "Bosch, Jeroen"]
[Result "1/2-1/2"]
[WhiteElo "2282"]
[BlackElo "2456"]
[PlyCount "117"]
[EventDate "2009.07.21"]
[EventType "swiss"]
[EventRounds "9"]
[EventCountry "NED"]
[Source "lmi"]
[SourceDate "2009.07.21"]

1. d4 d5 2. c4 dxc4 3. e4 e5 4. Nf3 exd4 5. Bxc4 Nc6 6. O-O Nf6 7. Qb3 Qd7 8.
Bd2 Ng4 9. e5 Qf5 10. Re1 Be7 11. e6 O-O 12. exf7+ Kh8 13. Na3 a6 14. Nc2 Bd6
15. h3 Nge5 16. Ncxd4 Nxd4 17. Nxd4 Qg6 18. Bd5 Bd7 19. Ne6 Bxe6 20. Bxe6 Nxf7
21. Qxb7 Ne5 22. Bg4 Nxg4 23. hxg4 Qxg4 24. Qe4 Qh5 25. g3 Bc5 26. Be3 Rae8 27.
Qh4 Qxh4 28. gxh4 Bd6 29. Kg2 Re4 30. Rh1 h6 31. Rad1 Rg4+ 32. Kf1 Ra4 33. a3
Rc4 34. Ke2 Be5 35. Rc1 Rg4 36. Rc2 Kg8 37. Rh3 Rf5 38. Rc5 g6 39. Bxh6 Bxb2
40. Rxc7 Rf7 41. Rc6 Kh7 42. Bg5 Ra4 43. Rb3 Bxa3 44. Rbb6 Bf8 45. Rxa6 Rxa6
46. Rxa6 Bg7 47. f4 Bc3 48. Kf3 Kg7 49. Ke4 Bf6 50. Ra4 Bc3 51. Kd5 Bf6 52. Ke6
Bxg5 53. hxg5 Rf5 54. Rd4 Kg8 55. Re4 Kg7 56. Ke7 Rf7+ 57. Ke8 Rf8+ 58. Kd7 Rf5
59. Re7+ 1/2-1/2

[Event "Dutch Open 2009"]
[Site "Dieren NED"]
[Date "2009.07.29"]
[Round "8.16"]
[White "Shyam, Sundar M"]
[Black "Ypma, Peter"]
[Result "1-0"]
[WhiteElo "2415"]
[BlackElo "2012"]
[PlyCount "71"]
[EventDate "2009.07.21"]
[EventType "swiss"]
[EventRounds "9"]
[EventCountry "NED"]
[Source "lmi"]
[SourceDate "2009.07.21"]

1. e4 e5 2. Nf3 Nc6 3. d4 exd4 4. Nxd4 Nf6 5. Nxc6 bxc6 6. e5 Qe7 7. Qe2 Nd5 8.
c4 Nb6 9. Nc3 Qe6 10. Qe4 d5 11. exd6 cxd6 12. Be2 Qxe4 13. Nxe4 d5 14. cxd5
cxd5 15. Nc3 Bb4 16. Bd2 O-O 17. Nb5 Bxd2+ 18. Kxd2 Nc4+ 19. Bxc4 dxc4 20. Kc3
Rb8 21. Nd4 Bb7 22. f3 Bd5 23. Rhe1 Rfe8 24. Nc2 Be6 25. Rad1 Rbd8 26. Nd4 Bd5
27. Rxe8+ Rxe8 28. Nb5 Be6 29. Nc7 Rc8 30. Nxe6 fxe6 31. Rd4 Rc7 32. Rxc4 Rd7
33. b4 Kf7 34. a4 Re7 35. b5 Rb7 36. Kb4 1-0

[Event "Dutch Open 2009"]
[Site "Dieren NED"]
[Date "2009.07.29"]
[Round "8.17"]
[White "Wilgenhof, Otto"]
[Black "Van Eijk, Sander"]
[Result "1-0"]
[WhiteElo "2207"]
[BlackElo "2338"]
[PlyCount "57"]
[EventDate "2009.07.21"]
[EventType "swiss"]
[EventRounds "9"]
[EventCountry "NED"]
[Source "lmi"]
[SourceDate "2009.07.21"]

1. d4 Nf6 2. g3 d5 3. Bg2 Nbd7 4. c4 dxc4 5. Qa4 c6 6. Qxc4 e5 7. Nf3 Nb6 8.
Qc3 a5 9. O-O Bb4 10. Qe3 e4 11. Ng5 Nbd5 12. Qb3 Qe7 13. a3 Bd6 14. Nd2 e3 15.
Nc4 h6 16. Nxf7 Kxf7 17. fxe3 Be6 18. Qxb7 Kg6 19. Qxc6 Rac8 20. Qxd6 Rxc4 21.
Qe5 Re8 22. Be4+ Nxe4 23. Qxe4+ Kh5 24. Rf5+ Bxf5 25. Qxf5+ Qg5 26. Qf7+ Kg4
27. Qf3+ Kh3 28. g4+ Kh4 29. Qg3# 1-0

[Event "Dutch Open 2009"]
[Site "Dieren NED"]
[Date "2009.07.29"]
[Round "8.18"]
[White "Kuipers, Stefan"]
[Black "Rajesh, V A V."]
[Result "1/2-1/2"]
[WhiteElo "2324"]
[BlackElo "2249"]
[PlyCount "109"]
[EventDate "2009.07.21"]
[EventType "swiss"]
[EventRounds "9"]
[EventCountry "NED"]
[Source "lmi"]
[SourceDate "2009.07.21"]

1. e4 c5 2. Nf3 Nc6 3. Bb5 g6 4. Bxc6 dxc6 5. d3 Bg4 6. Nbd2 Bg7 7. h3 Bxf3 8.
Nxf3 e5 9. Be3 Qe7 10. Qd2 Nf6 11. O-O O-O 12. Qc3 Nd7 13. Nd2 f5 14. Qb3+ Qf7
15. f3 f4 16. Bf2 b6 17. Qxf7+ Kxf7 18. a4 a5 19. Nc4 Ke6 20. Rfd1 Rfd8 21. Kf1
g5 22. Ke2 h5 23. c3 Rdb8 24. Kd2 Bf6 25. Kc2 Rg8 26. d4 cxd4 27. cxd4 exd4 28.
Bxd4 Bd8 29. Bc3 Bc7 30. Rd2 Nc5 31. Bd4 Nd7 32. Bc3 Rgc8 33. Rad1 Nc5 34. Rd6+
Bxd6 35. Rxd6+ Ke7 36. Bf6+ Kf7 37. Nxb6 Ne6 38. Nxc8 Rxc8 39. Bc3 Ke7 40. e5
g4 41. hxg4 hxg4 42. Bxa5 gxf3 43. gxf3 Ra8 44. b4 c5 45. Kb3 Ng5 46. Bb6 Nf7
47. Rf6 Nxe5 48. Rxf4 cxb4 49. Re4 Kd6 50. f4 Nc6 51. f5 Rf8 52. Rf4 Ne7 53.
Ba5 Rxf5 54. Bxb4+ Kd5 55. Rxf5+ 1/2-1/2

[Event "Dutch Open 2009"]
[Site "Dieren NED"]
[Date "2009.07.29"]
[Round "8.19"]
[White "Sprangers, Remco"]
[Black "Tondivar, Babak"]
[Result "0-1"]
[WhiteElo "2222"]
[BlackElo "2372"]
[PlyCount "96"]
[EventDate "2009.07.21"]
[EventType "swiss"]
[EventRounds "9"]
[EventCountry "NED"]
[Source "lmi"]
[SourceDate "2009.07.21"]

1. e4 e5 2. Nf3 Nc6 3. Bb5 Nf6 4. O-O Nxe4 5. d4 Nd6 6. Bxc6 dxc6 7. dxe5 Nf5
8. Qxd8+ Kxd8 9. Nc3 Ne7 10. Rd1+ Ke8 11. Bf4 Ng6 12. Bg3 Bb4 13. Ne2 Bg4 14.
Rd3 Ke7 15. a3 Bc5 16. Ned4 Rad8 17. h3 Be6 18. Rad1 h6 19. b4 Bb6 20. Ne1 Bxd4
21. Rxd4 Rxd4 22. Rxd4 Bf5 23. f4 h5 24. Kf2 Ra8 25. Rc4 f6 26. b5 h4 27. Bh2
Be6 28. Rc5 fxe5 29. fxe5 Bd5 30. bxc6 Bxc6 31. Nf3 Rd8 32. Ke3 Rd5 33. Rc4 Ra5
34. Rg4 Rxa3+ 35. Kf2 Be8 36. Rc4 c6 37. Nd4 Bd7 38. Nf3 Be6 39. Rb4 b6 40. Ke2
c5 41. Re4 a5 42. Nxh4 Nxh4 43. Rxh4 Ra2 44. Kd1 Ra1+ 45. Kd2 a4 46. Kc3 a3 47.
Ra4 a2 48. Ra7+ Ke8 0-1

[Event "Dutch Open 2009"]
[Site "Dieren NED"]
[Date "2009.07.29"]
[Round "8.20"]
[White "Van der Velden, Bram"]
[Black "Motoc, Alina"]
[Result "0-1"]
[WhiteElo "2210"]
[BlackElo "2315"]
[PlyCount "86"]
[EventDate "2009.07.21"]
[EventType "swiss"]
[EventRounds "9"]
[EventCountry "NED"]
[Source "lmi"]
[SourceDate "2009.07.21"]

1. d4 Nf6 2. c4 g6 3. Nc3 Bg7 4. e4 d6 5. Nf3 O-O 6. Be2 e5 7. O-O Nc6 8. d5
Ne7 9. Ne1 Nd7 10. Nd3 f5 11. Bd2 Nf6 12. f3 f4 13. g4 g5 14. Be1 h5 15. h3
hxg4 16. hxg4 Ng6 17. c5 Rf7 18. Kg2 Bf8 19. cxd6 Bxd6 20. Rh1 Bd7 21. Rc1 Qe7
22. Bf2 Raf8 23. Rh3 Rg7 24. Qb3 b6 25. Nb5 Bxg4 26. fxg4 Nxe4 27. Qc2 Nxf2 28.
Kxf2 e4 29. Nxd6 cxd6 30. Re1 Rh7 31. Rh5 Rxh5 32. gxh5 exd3 33. Bxd3 Ne5 34.
Bf5 Qf6 35. Be6+ Kh8 36. Rh1 g4 37. Kf1 f3 38. Rg1 f2 39. Rh1 Qf3 40. Rh4 Qg2+
41. Kxg2 f1=Q+ 42. Kg3 Qg1+ 43. Qg2 Rf3# 0-1

[Event "Dutch Open 2009"]
[Site "Dieren NED"]
[Date "2009.07.29"]
[Round "8.21"]
[White "Soumya, Swaminathan"]
[Black "Spaan, Nathanael"]
[Result "1-0"]
[WhiteElo "2309"]
[BlackElo "2194"]
[PlyCount "77"]
[EventDate "2009.07.21"]
[EventType "swiss"]
[EventRounds "9"]
[EventCountry "NED"]
[Source "lmi"]
[SourceDate "2009.07.21"]

1. e4 c5 2. Nf3 d6 3. d4 cxd4 4. Nxd4 Nf6 5. Nc3 a6 6. Be3 e5 7. Nb3 Be7 8. Qd2
Ng4 9. Nd5 Nxe3 10. Qxe3 Bg5 11. Qf3 Be6 12. h4 Bxh4 13. Rxh4 Bxd5 14. Rg4 Bxb3
15. Qxb3 O-O 16. Qxb7 Nd7 17. O-O-O Rb8 18. Qxa6 Rb6 19. Qd3 Qc7 20. Qe3 Rc8
21. Bd3 Qa7 22. a3 Qb7 23. b4 Rc3 24. Kd2 Rbc6 25. b5 Rc8 26. a4 Qc7 27. Qg5 g6
28. Ke2 Nf8 29. g3 Ne6 30. Qf6 Nd4+ 31. Kf1 Rxc2 32. Bxc2 Qxc2 33. Re1 Qd2 34.
Qxd6 Rc2 35. Qb8+ Kg7 36. Qxe5+ Kg8 37. Qe8+ Kg7 38. Rf4 Qd3+ 39. Kg2 1-0

[Event "Dutch Open 2009"]
[Site "Dieren NED"]
[Date "2009.07.29"]
[Round "8.22"]
[White "Otte, Marijn"]
[Black "Van Rosmalen, Joost"]
[Result "1-0"]
[WhiteElo "2298"]
[BlackElo "2206"]
[PlyCount "97"]
[EventDate "2009.07.21"]
[EventType "swiss"]
[EventRounds "9"]
[EventCountry "NED"]
[Source "lmi"]
[SourceDate "2009.07.21"]

1. e4 c6 2. d4 d5 3. e5 Bf5 4. Nd2 e6 5. Nb3 Nd7 6. Be3 Ne7 7. Be2 Bg6 8. f4 h5
9. Nf3 Nf5 10. Bf2 Be7 11. O-O Nh6 12. Kh1 Be4 13. Nfd2 Nf5 14. Kg1 g5 15. Nxe4
dxe4 16. Qd2 g4 17. Rae1 Rg8 18. Bd1 g3 19. hxg3 e3 20. Rxe3 Nxe3 21. Qxe3 h4
22. g4 Nb6 23. Nd2 Nd5 24. Qe4 Nxf4 25. Nc4 Qd5 26. Qxf4 Qxc4 27. Bxh4 Rf8 28.
Bxe7 Kxe7 29. c3 Qxa2 30. g5 Qb1 31. Qf6+ Kd7 32. Bg4 Qh7 33. c4 Qg6 34. d5
Qxf6 35. Rxf6 cxd5 36. cxd5 Rae8 37. g6 fxg6 38. Rxg6 Kd8 39. Bxe6 Re7 40. d6
Rh7 41. Bg8 Rh8 42. Bb3 Rf4 43. Rg7 Rb4 44. Be6 Ke8 45. b3 a5 46. Rc7 Kf8 47.
Rc8+ Kg7 48. Rxh8 Kxh8 49. Bc4 1-0

[Event "Dutch Open 2009"]
[Site "Dieren NED"]
[Date "2009.07.29"]
[Round "8.23"]
[White "Kodentsov, Grigori"]
[Black "Goudriaan, Etienne"]
[Result "0-1"]
[WhiteElo "2279"]
[BlackElo "2107"]
[PlyCount "74"]
[EventDate "2009.07.21"]
[EventType "swiss"]
[EventRounds "9"]
[EventCountry "NED"]
[Source "lmi"]
[SourceDate "2009.07.21"]

1. e4 c5 2. Nf3 d6 3. d4 cxd4 4. Nxd4 Nf6 5. Nc3 a6 6. Bc4 e6 7. Bb3 Nbd7 8. f4
Nc5 9. Qf3 b5 10. f5 Bd7 11. Bg5 Be7 12. fxe6 fxe6 13. e5 dxe5 14. Nc6 Bxc6 15.
Qxc6+ Kf7 16. Rf1 b4 17. Bxf6 gxf6 18. Rd1 Qc8 19. Qf3 bxc3 20. Qh5+ Kg7 21.
Qg4+ Kf8 22. Qg5 Rg8 23. Rxf6+ Bxf6 24. Qxf6+ Ke8 25. Rd6 Rg6 26. Qxe5 Nxb3 27.
Rd3 Kf7 28. Rxc3 Qd8 29. axb3 Kg8 30. g3 Qd5 31. Qc7 Qh1+ 32. Ke2 Qxh2+ 33. Kf3
Rf8+ 34. Ke4 Qe2+ 35. Kd4 Rg4+ 36. Kc5 Qb5+ 37. Kd6 Qd5+ 0-1

[Event "Dutch Open 2009"]
[Site "Dieren NED"]
[Date "2009.07.29"]
[Round "8.24"]
[White "Diepeveen, Vincent"]
[Black "Ten Vergert, Paul"]
[Result "1-0"]
[WhiteElo "2273"]
[BlackElo "2025"]
[PlyCount "73"]
[EventDate "2009.07.21"]
[EventType "swiss"]
[EventRounds "9"]
[EventCountry "NED"]
[Source "lmi"]
[SourceDate "2009.07.21"]

1. e4 c5 2. Nf3 Nc6 3. d4 cxd4 4. Nxd4 Nf6 5. Nc3 e5 6. Ndb5 d6 7. Bg5 a6 8.
Na3 b5 9. Bxf6 gxf6 10. Nd5 f5 11. Bxb5 axb5 12. Nxb5 Ra4 13. b4 Rxb4 14. Nbc7+
Kd7 15. O-O Rg8 16. Nxb4 Nxb4 17. Nd5 Qg5 18. g3 Nxd5 19. Qxd5 fxe4 20. Qxe4 f5
21. Qd5 Qg6 22. a4 Qe6 23. Qb5+ Ke7 24. a5 Qd7 25. Rfb1 Bg7 26. a6 Qxb5 27.
Rxb5 Bd7 28. Rb7 Ra8 29. a7 e4 30. Rb8 Bc6 31. Rxa8 Bxa8 32. Rb1 Bd4 33. Rb8 e3
34. Rxa8 e2 35. Re8+ Kxe8 36. a8=Q+ Ke7 37. Qa5 1-0

[Event "Dutch Open 2009"]
[Site "Dieren NED"]
[Date "2009.07.29"]
[Round "8.25"]
[White "Van Helvoort, Rob"]
[Black "Padmini, Rout"]
[Result "1/2-1/2"]
[WhiteElo "2213"]
[BlackElo "2243"]
[PlyCount "137"]
[EventDate "2009.07.21"]
[EventType "swiss"]
[EventRounds "9"]
[EventCountry "NED"]
[Source "lmi"]
[SourceDate "2009.07.21"]

1. e4 c5 2. c3 Nf6 3. e5 Nd5 4. d4 cxd4 5. Nf3 d6 6. cxd4 e6 7. Bc4 Nb6 8. Bb3
dxe5 9. Nxe5 Nc6 10. Nf3 Be7 11. Nc3 O-O 12. O-O Nb4 13. a3 N4d5 14. Ne4 Bd7
15. Re1 Rc8 16. Ne5 Bc6 17. Nc5 Bf6 18. Qh5 Nc7 19. Be3 Bd5 20. Bc2 g6 21. Qh3
Bg7 22. Rac1 f5 23. Bh6 Nb5 24. Bxg7 Kxg7 25. Qd3 Nd6 26. Bb3 Qf6 27. Bxd5 exd5
28. Ned7 Nxd7 29. Nxd7 Rxc1 30. Rxc1 Qg5 31. f4 Qxf4 32. Rf1 Qh4 33. Nxf8 Kxf8
34. g3 Qg5 35. Qf3 Ne4 36. Qf4 Qxf4 37. Rxf4 Ke7 38. Rf3 Kd7 39. Rd3 g5 40. Rf3
Ke6 41. h3 h6 42. a4 b6 43. a5 Nd2 44. Rd3 Nc4 45. axb6 axb6 46. b3 Nd6 47. Rc3
Kd7 48. Kg2 g4 49. h4 h5 50. b4 f4 51. gxf4 Nf5 52. b5 Nxh4+ 53. Kf2 Nf3 54.
Rc6 h4 55. Rxb6 Nxd4 56. Rh6 Nxb5 57. Rh7+ Ke6 58. Rh5 Nc3 59. Re5+ Kf6 60. Ke3
g3 61. Kf3 d4 62. Rc5 Ke6 63. Re5+ Kf6 64. Re8 d3 65. Rd8 Ne2 66. Rxd3 g2 67.
Kxg2 Nxf4+ 68. Kf3 Nxd3 69. Ke3 1/2-1/2

[Event "Dutch Open 2009"]
[Site "Dieren NED"]
[Date "2009.07.29"]
[Round "8.44"]
[White "Theulings, Paul-Peter"]
[Black "Vogel, Heike"]
[Result "1-0"]
[WhiteElo "2162"]
[BlackElo "2133"]
[PlyCount "41"]
[EventDate "2009.07.21"]
[EventType "swiss"]
[EventRounds "9"]
[EventCountry "NED"]
[Source "lmi"]
[SourceDate "2009.07.21"]

1. Nf3 d5 2. d4 c5 3. c4 e6 4. cxd5 exd5 5. Nc3 Nc6 6. Bf4 Nf6 7. e3 Be7 8.
dxc5 Bxc5 9. Be2 O-O 10. O-O Be6 11. Rc1 Qe7 12. Nb5 Rad8 13. Nbd4 Ne4 14. a3
g5 15. Nxc6 bxc6 16. Nxg5 Nxg5 17. Bxg5 Qxg5 18. Rxc5 Rd6 19. Qd4 Bh3 20. Bf3
Bxg2 21. h4 1-0

[Event "Dutch Open 2009"]
[Site "Dieren NED"]
[Date "2009.07.30"]
[Round "9.13"]
[White "Burg, Twan"]
[Black "Hendriks, Willy"]
[Result "1-0"]
[WhiteElo "2422"]
[BlackElo "2444"]
[PlyCount "59"]
[EventDate "2009.07.21"]
[EventType "swiss"]
[EventRounds "9"]
[EventCountry "NED"]

1. e4 d6 2. d4 Nf6 3. Nc3 g6 4. Be3 Bg7 5. Qd2 c6 6. h3 O-O 7. Nf3 Nbd7 8. Bd3
e5 9. O-O Re8 10. Rfe1 exd4 11. Nxd4 Nc5 12. Bg5 Qb6 13. Nb3 Nxd3 14. Qxd3 d5
15. Bxf6 Bxf6 16. exd5 Bf5 17. Qd2 Rxe1+ 18. Rxe1 Rd8 19. g4 Be6 20. d6 Bg7 21.
Ne4 Qb5 22. Nbc5 Bd5 23. Qg5 Rf8 24. Nf6+ Bxf6 25. Qxf6 Qxc5 26. d7 Qxc2 27.
Re8 Qd1+ 28. Kh2 Qh1+ 29. Kg3 Qg2+ 30. Kh4 1-0

[Event "Dutch Open 2009"]
[Site "Dieren NED"]
[Date "2009.07.30"]
[Round "9.14"]
[White "Karthikeyan, P."]
[Black "Shyam, Sundar M"]
[Result "1-0"]
[WhiteElo "2478"]
[BlackElo "2415"]
[PlyCount "61"]
[EventDate "2009.07.21"]
[EventType "swiss"]
[EventRounds "9"]
[EventCountry "NED"]

1. d4 Nf6 2. c4 g6 3. Nc3 Bg7 4. e4 d6 5. f3 O-O 6. Be3 c5 7. Nge2 Nc6 8. d5
Ne5 9. Ng3 h5 10. Be2 h4 11. Nf1 a6 12. Nd2 Nh7 13. f4 Nd7 14. Nf3 h3 15. gxh3
b5 16. Qd2 bxc4 17. f5 Re8 18. Rg1 Nhf8 19. Bh6 Bf6 20. Kf2 Rb8 21. Kg2 Ne5 22.
Kh1 Nxf3 23. Bxf3 Kh7 24. e5 Bxe5 25. Be4 Rxb2 26. Qxb2 Kxh6 27. fxg6 Nxg6 28.
Qd2+ Bf4 29. Rxg6+ fxg6 30. Qxf4+ g5 31. Qf7 1-0

[Event "Dutch Open 2009"]
[Site "Dieren NED"]
[Date "2009.07.30"]
[Round "9.15"]
[White "Bosch, Jeroen"]
[Black "Diepeveen, Vincent"]
[Result "1/2-1/2"]
[WhiteElo "2456"]
[BlackElo "2273"]
[PlyCount "71"]
[EventDate "2009.07.21"]
[EventType "swiss"]
[EventRounds "9"]
[EventCountry "NED"]

1. e4 c5 2. Nf3 d6 3. d4 cxd4 4. Nxd4 Nf6 5. Nc3 g6 6. Bc4 Bg7 7. O-O O-O 8.
Bb3 Nc6 9. Nf3 Bd7 10. Re1 Ng4 11. h3 Nge5 12. Nh2 Na5 13. Rb1 Rc8 14. Nd5 e6
15. Ne3 Bc6 16. Neg4 Nxg4 17. hxg4 d5 18. e5 d4 19. g5 Nxb3 20. axb3 Qd5 21. f3
Bxe5 22. Ng4 Bg7 23. Bf4 Qf5 24. Be5 Qxg5 25. Bxg7 Kxg7 26. Qxd4+ f6 27. Rxe6
h5 28. Re7+ Kh8 29. Nh2 Rcd8 30. Qe3 Qxe3+ 31. Rxe3 Rd2 32. Rc1 Rfd8 33. Nf1
R2d7 34. Kf2 Kg8 35. c3 Kf7 36. Rce1 1/2-1/2

[Event "Dutch Open 2009"]
[Site "Dieren NED"]
[Date "2009.07.30"]
[Round "9.16"]
[White "Pruijssers, Roeland"]
[Black "Wempe, Joost"]
[Result "1-0"]
[WhiteElo "2401"]
[BlackElo "2282"]
[PlyCount "79"]
[EventDate "2009.07.21"]
[EventType "swiss"]
[EventRounds "9"]
[EventCountry "NED"]

1. e4 e6 2. d4 d5 3. Nc3 Bb4 4. e5 c5 5. a3 Bxc3+ 6. bxc3 Ne7 7. Qg4 O-O 8. Bd3
Qa5 9. Bd2 Nbc6 10. Qh5 h6 11. Nf3 c4 12. Be2 f6 13. exf6 Rxf6 14. Ne5 Nxe5 15.
Qxe5 Qa4 16. Ra2 Bd7 17. h4 Raf8 18. h5 Qb5 19. O-O Nc6 20. a4 Qa5 21. Qe3 b5
22. Bc1 Re8 23. Bg4 bxa4 24. Qg3 Qd8 25. Bf4 Kh7 26. Rfa1 a6 27. Rxa4 Bc8 28.
Rb1 Na7 29. Rb8 Qd7 30. Ra1 Nb5 31. Be5 Rf7 32. Bh3 Kg8 33. Re1 Qe7 34. Qg6 Bd7
35. Rxe8+ Qxe8 36. Bxg7 Rxg7 37. Bxe6+ Kh8 38. Qxh6+ Rh7 39. Qf6+ Rg7 40. h6
1-0

[Event "Dutch Open 2009"]
[Site "Dieren NED"]
[Date "2009.07.30"]
[Round "9.17"]
[White "Tondivar, Babak"]
[Black "Vermeulen, Wesley"]
[Result "1-0"]
[WhiteElo "2372"]
[BlackElo "2164"]
[PlyCount "89"]
[EventDate "2009.07.21"]
[EventType "swiss"]
[EventRounds "9"]
[EventCountry "NED"]

1. Nf3 Nf6 2. c4 g6 3. g3 Bg7 4. Bg2 O-O 5. O-O d6 6. Nc3 c6 7. d4 Nbd7 8. e4
e5 9. h3 Re8 10. Re1 h6 11. d5 cxd5 12. cxd5 a5 13. Be3 b6 14. Nd2 Ba6 15. Bf1
Bxf1 16. Rxf1 Rc8 17. Qe2 Nh5 18. Nb5 Nc5 19. Na7 Rc7 20. Nc6 Qd7 21. Bxc5 dxc5
22. Kg2 f5 23. Rad1 Nf6 24. Nc4 b5 25. Nb6 Qf7 26. Qxb5 Rb7 27. Nxa5 Rbb8 28.
d6 fxe4 29. d7 Nxd7 30. Qxd7 Rxb6 31. Qxf7+ Kxf7 32. Nc4 Rb4 33. Nd6+ Ke7 34.
Nxe8 Kxe8 35. b3 c4 36. bxc4 Rxc4 37. Rfe1 Ke7 38. Rc1 Rb4 39. Rc6 g5 40. Ra6
Bf8 41. Rc1 Kd7 42. Rcc6 Rb2 43. Rcb6 Rc2 44. Rb7+ Kc8 45. Rf7 1-0

[Event "Dutch Open 2009"]
[Site "Dieren NED"]
[Date "2009.07.30"]
[Round "9.19"]
[White "Motoc, Alina"]
[Black "De Ruiter, Danny"]
[Result "1-0"]
[WhiteElo "2315"]
[BlackElo "2003"]
[PlyCount "87"]
[EventDate "2009.07.21"]
[EventType "swiss"]
[EventRounds "9"]
[EventCountry "NED"]

1. d4 Nf6 2. c4 g6 3. Nc3 d5 4. Bg5 Ne4 5. Bh4 Nxc3 6. bxc3 dxc4 7. Qa4+ Qd7 8.
Qxc4 b6 9. Bg3 c5 10. dxc5 Ba6 11. Qd4 Qxd4 12. cxd4 Nc6 13. e3 Bxf1 14. Kxf1
bxc5 15. dxc5 e6 16. Nf3 Rc8 17. Ke2 Bxc5 18. Rac1 Ne7 19. Be5 O-O 20. Nd2 f6
21. Ne4 fxe5 22. Nxc5 Rc6 23. Nd7 Rfc8 24. Rxc6 Rxc6 25. Nxe5 Rc2+ 26. Kf3 Rxa2
27. Rb1 Ra5 28. Rb8+ Kg7 29. Rb7 Kf6 30. Nd7+ Kf7 31. g4 h5 32. h3 hxg4+ 33.
hxg4 Ra1 34. Ne5+ Kf6 35. Nd7+ Kf7 36. Kf4 Rf1 37. f3 Nd5+ 38. Kg5 Nxe3 39.
Ne5+ Ke8 40. Kf6 Kd8 41. Nf7+ Kc8 42. Nd6+ Kd8 43. Kxe6 Re1 44. Rd7# 1-0